Catálogo

GENUINE ARTICLES AUTHENTIC READING TEXTS : (Registro nro. 22388)

Detalles MARC
000 -LEADER
fixed length control field 00520nam a2200145 a 4500
001 - CONTROL NUMBER
control field 22388
005 - DATE AND TIME OF LATEST TRANSACTION
control field 20180713220301.0
008 - FIXED-LENGTH DATA ELEMENTS--GENERAL INFORMATION
fixed length control field 140415s1986 000 0 spa d
041 ## - LANGUAGE CODE
Language code of text/sound track or separate title spa
082 ## - DEWEY DECIMAL CLASSIFICATION NUMBER
Classification number 428.64
Item number WAL
100 1# - MAIN ENTRY--PERSONAL NAME
Personal name WALTER, CATHERINE
245 10 - TITLE STATEMENT
Title GENUINE ARTICLES AUTHENTIC READING TEXTS :
Remainder of title FOR INTERMEDIATE STUDENTS OF AMERICAN ENGLISH.
260 ## - PUBLICATION, DISTRIBUTION, ETC.
Place of publication, distribution, etc. [s.l.] :
Name of publisher, distributor, etc. CAMBRIDGE UNIVERSITY PRESS,
Date of publication, distribution, etc. 1986.
650 14 - SUBJECT ADDED ENTRY--TOPICAL TERM
Topical term or geographic name entry element INGLES LENGUAJE
General subdivision ESTUDIO Y ENSEANZA
-- INGLES
-- TEXTOS
-- LECTURAS
-- ESTADOS UNIDOS
Existencias
Withdrawn status Lost status Source of classification or shelving scheme Damaged status Not for loan Collection code Home library Current library Shelving location Date acquired Source of acquisition Inventory number Total Checkouts Full call number Barcode Date last seen Date last checked out Price effective from Koha item type
    Dewey Decimal Classification     General Biblioteca Karol Wojtyla Biblioteca Karol Wojtyla Sala general 03/12/2013 Compra 151000000000000000042168   428.64 WAL 1986 42938 05/01/2026 29/01/2018 17/12/2015 Libro